000 00471nam a2200181Ia 4500
008 131103s9999 xx 000 0 und d
020 _a000637492 1
040 _aLoreto College
041 _aEnglish
082 _aF/CHA
_bLCBED/11896
100 _aChang,Jung
245 _aWild Swans
_b Three daughters of China
_cJung Chang
260 _aLondon
_bFlamingo
_c1993
300 _a696 p.
_c 18 cm.
650 _aEnglish fiction
850 _aLCBED/F/CHA
942 _cBK
999 _c32305
_d82784